000
00248 a2200097 4500
001
33067
100
_a
Sreetharan,M
245
_a
ATM Interworking in Broadband Wireless Applications
260
_a
Bostob
_b
Artech House
_c
2002
090
_c
22196
_d
22196
942
_a
NUST-CAE
_c
M
_c
13554
999
_c
268140
_d
268140